000 00611nam a2200277Ia 4500
005 20260324143437.0
008 008 260324s9999 xx 000 0 eng d
020 _a9781315487854
037 _aEBOOK
040 _aCRL
040 _beng
040 _cCRL
041 _2eng
041 _aeng
084 _qCRL
100 _aNick Lampert
_91215657
245 0 _aStanlinism
260 _bTaylor and Francis
260 _c1992
365 _a
365 _b230
856 _uhttp://www.taylorfrancis.com/books/9781315487854
942 _cEBOOK
999 _c1821067
_d1821067